| 000 | 01946nam a2200325 a 4500 | ||
|---|---|---|---|
| 001 | ebr10520062 | ||
| 003 | CaPaEBR | ||
| 006 | m u | ||
| 007 | cr cn||||||||| | ||
| 008 | 061016s2007 flu sb 001 0 eng d | ||
| 010 | _z 2006034323 | ||
| 020 | _z9781932159516 (hardcover alk. paper) | ||
| 020 | _z9781604276473 (e-book) | ||
| 040 |
_aCaPaEBR _cCaPaEBR |
||
| 035 | _a(OCoLC)719387813 | ||
| 050 | 1 | 4 |
_aHF5686.M3 _bH86 2007eb |
| 082 | 0 | 4 |
_a657/.867042 _222 |
| 100 | 1 |
_aHuntzinger, James R., _d1964- |
|
| 245 | 1 | 0 |
_aLean cost management _h[electronic resource] : _baccounting for lean by establishing flow / _cby James Huntzinger. |
| 260 |
_aFt. Lauderdale, Fla. : _bJ. Ross Pub., _cc2007. |
||
| 300 | _axxv, 322 p. | ||
| 504 | _aIncludes bibliographical references and index. | ||
| 505 | 0 | _aAccounting : where we are and where we must go -- Why traditional accounting methods fail -- Toyota's success : profit beyond measure -- Execution -- Alexander Hamilton Church : his cost management system -- The focus factory -- Church and excess capacity -- The physical operation -- Lean measurements : measuring the business -- Designing for the lean enterprise : right-designing -- Lean creates lean cost management -- Teamwork -- System evolution -- Transactions and lean -- Lean : like a gear train -- Where is ABC? -- Production factors : Church's method applied -- A summary of thought : lean cost management -- How to transform to lean cost management -- Conclusion. | |
| 533 |
_aElectronic reproduction. _bPalo Alto, Calif. : _cebrary, _d2012. _nAvailable via World Wide Web. _nAccess may be limited to ebrary affiliated libraries. |
||
| 650 | 0 |
_aManufacturing industries _xAccounting. |
|
| 650 | 0 | _aCost accounting. | |
| 655 | 7 |
_aElectronic books. _2local |
|
| 710 | 2 | _aebrary, Inc. | |
| 856 | 4 | 0 |
_uhttp://site.ebrary.com/lib/rucke/Doc?id=10520062 _zAn electronic book accessible through the World Wide Web; click to view |
| 999 |
_c140873 _d140873 |
||